Movies Quiz

Random Movies or Alphabet Quiz
Score 0/20 Timer 04:00
5 Plays Today
% Correct
Edward
99%
Erin
96.7%
Evan
95.3%
Eagle
93.6%
Ever
92.3%
Ender's
90.7%
Easy
90.6%
Educating
90.2%
Executive
88.3%
Eight
86.9%
% Correct
Ex
86.9%
Epic
86.5%
Ella
86.2%
Ed
83.8%
Evil
82.9%
Empire
82.6%
Elmer
73.2%
Event
72.6%
Encino
72.5%
Eastern
66.1%
Remove Ads.
Support Sporcle.
Get the best of Sporcle when you Go Orange. This ad-free experience offers more features, more stats, and more fun while also helping to support Sporcle. Thank you for becoming a member.

You're not logged in!

Compare scores with friends on all Sporcle quizzes.
OR
Log In

Show Comments

Extras

Top Quizzes Today


Score Distribution

Your Account Isn't Verified!

In order to create a playlist on Sporcle, you need to verify the email address you used during registration. Go to your Sporcle Settings to finish the process.

Report this User

Report this user for behavior that violates our Community Guidelines.

Details: